| 000 | 01240nmm a2200397 a 4500 | ||
|---|---|---|---|
| 003 | AR-BaBNM | ||
| 005 | 20251128203408.0 | ||
| 008 | 157019s1960 ||||||||||||||000 | spa|| | ||
| 040 | _cAR-BaBNM | ||
| 100 | 1 | _aLinares Quintana, Segundo V. | |
| 245 | 1 | 0 |
_aTratado de la ciencia del derecho constitucional argentino y comparado _bparte especial : sufragio, partidos políticos, grupos de presión. 7 |
| 260 |
_aBuenos Aires _bAlfa _c1960 |
||
| 300 | 0 | _a731 p. | |
| 500 | 0 | _aIndice p. 719-731 | |
| 504 | _aBibliografía a pie de página | ||
| 600 | 1 | 4 | _aRousseau, Jean-Jacques |
| 600 | 1 | 4 |
_aGonzález, Joaquin V. _d1863-1923 |
| 650 | 4 | _aDERECHO CONSTITUCIONAL | |
| 650 | 4 | _aDERECHO COMPARADO | |
| 650 | 4 | _aLIBERTAD | |
| 650 | 4 | _aCORTE SUPREMA | |
| 650 | 4 | _aDERECHOS CIVILES Y POLITICOS | |
| 650 | 4 | _aHISTORIA CONSTITUCIONAL | |
| 650 | 4 | _aHISTORIA POLITICA ARGENTINA | |
| 650 | 4 | _aHISTORIA DEL DERECHO ARGENTINO | |
| 650 | 4 | _aSUFRAGIO FEMENINO | |
| 650 | 4 | _aSISTEMAS ELECTORALES | |
| 650 | 4 | _aPARTIDOS POLITICOS | |
| 650 | 4 | _aLEGISLACION ARGENTINA | |
| 651 | 4 | _aReino Unido | |
| 651 | 4 | _aEstados Unidos | |
| 651 | 4 | _aAmérica Latina | |
| 653 | 0 | _aLEY DE SUFRAGIO UNIVERSAL | |
| 942 | _cBK | ||
| 998 | _cAndrea | ||
| 999 |
_c3185 _d3185 |
||